Tragedi kiamat / (Record no. 1086)

000 -LEADER
fixed length control field nam a22 a 4500
003 - CONTROL NUMBER IDENTIFIER
control field AKMAL
005 - DATE AND TIME OF LATEST TRANSACTION
control field 20170508124430.0
008 - FIXED-LENGTH DATA ELEMENTS--GENERAL INFORMATION
fixed length control field 170508s1986 my | g | 000 0 may d
039 #9 - LEVEL OF BIBLIOGRAPHIC CONTROL AND CODING DETAIL [OBSOLETE]
Level of rules in bibliographic description 201104131622
Level of effort used to assign nonsubject heading access points amin
Level of effort used to assign subject headings 200908181620
Level of effort used to assign classification nurulnaida
Level of effort used to assign subject headings 200804141213
Level of effort used to assign classification nurulnaida
Level of effort used to assign subject headings 200709211042
Level of effort used to assign classification rfid1
040 ## - CATALOGING SOURCE
Original cataloging agency AKMAL
082 04 - DEWEY DECIMAL CLASSIFICATION NUMBER
Classification number 297.23 TAI
Edition number 22
090 00 - LOCALLY ASSIGNED LC-TYPE CALL NUMBER (OCLC); LOCAL CALL NUMBER (RLIN)
Classification number (OCLC) (R) ; Classification number, CALL (RLIN) (NR) 297.23
Local cutter number (OCLC) ; Book number/undivided call number, CALL (RLIN) TAI
100 0# - MAIN ENTRY--PERSONAL NAME
Personal name Taib Azamuddin Mohd. Taib,
Titles and words associated with a name Haji,
Dates associated with a name 1950-
9 (RLIN) 2263
245 10 - TITLE STATEMENT
Title Tragedi kiamat /
Statement of responsibility, etc. Taib Azamuddin Mohd. Taib
260 ## - PUBLICATION, DISTRIBUTION, ETC.
Place of publication, distribution, etc. Kuala Lumpur :
Name of publisher, distributor, etc. Pustaka Al-Mizan,
Date of publication, distribution, etc. 1986
300 ## - PHYSICAL DESCRIPTION
Extent iv, 44ms. ;
Dimensions 21cm.
500 ## - GENERAL NOTE
General note Judul kulit depan
650 10 - SUBJECT ADDED ENTRY--TOPICAL TERM
Topical term or geographic name entry element Islamic eschatology
9 (RLIN) 1940
650 20 - SUBJECT ADDED ENTRY--TOPICAL TERM
Topical term or geographic name entry element Judgment Day (Islam)
9 (RLIN) 1941
942 ## - ADDED ENTRY ELEMENTS (KOHA)
Source of classification or shelving scheme
Koha item type Book
Holdings
Withdrawn status Lost status Source of classification or shelving scheme Damaged status Not for loan Collection code Home library Current library Shelving location Date acquired Inventory number Total Checkouts Full call number Barcode Date last seen Price effective from Koha item type
          NON-FICTION AKMAL Melaka AKMAL Melaka PINJAMAN 08.05.2017 00461   297.23 TAI 201702096 08.05.2017 08.05.2017 Book
Pusat Sumber Maklumat Dato' Haji Sarmin Md Hussin, Akademi Kastam Diraja Malaysia, Melaka
Tel: 06-2331106 | Faks: 06-2313787